000 00618nas a22001697a 4500
008 210325b th ||||| |||| 00| 0 tha d
022 _a16867033
041 0 _atha
245 1 0 _aพาเที่ยวไทย
260 3 _bสรรพศาสตร์
310 _aรายสองเดือน
850 _aNALT
942 _cJNR
997 _c43262
999 _c83262
_d83262